| 000 | 00733nam a22001937a 4500 | ||
|---|---|---|---|
| 999 |
_c6127 _d6127 |
||
| 005 | 20260305110131.0 | ||
| 008 | 260305b ||||| |||| 00| 0 eng d | ||
| 020 | _a9780141324302 | ||
| 040 | _cKH8 | ||
| 082 | _a823.92 | ||
| 100 |
_aBradford,Chris _eAuthor |
||
| 245 | _aYoung Samurai/The Way of the Warrior | ||
| 260 |
_a80 Strand,London WC2R 0RL,England _bPenguin Group _c2008 |
||
| 300 |
_a331 pages _bb illustration _c13cm x 20cm |
||
| 520 | _aOrphaned by a ninja pirate attack off the coast of Japan in 1611, twelve-year-old English lad Jack Fletcher is determined to prove himself, despite the bullying of fellow students, -Library Thing- | ||
| 650 |
_aJuvenile Fiction _vSamurai |
||
| 655 | _aAdventure | ||
| 942 |
_2ddc _cFIC |
||